000 00596nmm a2200169Ia 4500
008 251105s9999||||xx |||||||||||||||||und||
020 _a9788437097305
041 _aspa
100 _aFerri Ramírez, Marc
245 0 _aEl ejército de la paz :
_b Los ingenieros de caminos en la instauración del liberalismo en España (1833-1868)
264 _a[Madrid, España] :
_bPublicaciones de la Universidad de Valencia (PUV),
_c2015
300 _a304 páginas
490 _aHistòria
650 _aHistory of Europe: Spain
856 _uhttps://public.digitaliapublishing.com/a/38888
942 _cCF
999 _c82693
_d82693